Toxicology and risk assessment : A comprehensive introduction

This work describes the basic concepts of toxicology and equips readers with the skills required to evaluate risks at given exposures. Topics covered include principles of toxicology, organ toxicology, methods in toxicology, risk assessment and management, and toxicity of chemicals. In addition to t...

Full description

Saved in:
Bibliographic Details
Format: Book
Language:Undetermined
Published: Hoboken, N.J. John Wiley & Sons 2007
Subjects:
Tags: Add Tag
No Tags, Be the first to tag this record!
Institutions: Trung tâm Học liệu Trường Đại học Cần Thơ
LEADER 01052nam a2200217Ia 4500
001 CTU_153220
008 210402s9999 xx 000 0 und d
020 |c 96.26 
082 |a 615.9 
082 |b T755 
245 0 |a Toxicology and risk assessment : 
245 2 |b A comprehensive introduction 
245 0 |c Edited by Helmut Greim, Robert Snyder 
260 |a Hoboken, N.J. 
260 |b John Wiley & Sons 
260 |c 2007 
520 |a This work describes the basic concepts of toxicology and equips readers with the skills required to evaluate risks at given exposures. Topics covered include principles of toxicology, organ toxicology, methods in toxicology, risk assessment and management, and toxicity of chemicals. In addition to toxicology, coverage extends into areas such as the 'omics,' biomarkers, molecular and cell biology, and newer approaches to risk assessment. 
650 |a Toxicology,Poisons,Health risk assessment 
650 |x Risk assessment 
904 |i Giang 
980 |a Trung tâm Học liệu Trường Đại học Cần Thơ